000
00406nam a22001697a 4500
003
MPLRDC
005
20220104123927.0
008
210129b ||||| |||| 00| 0 eng d
082
_a
733.8 XHS
100
_a
夏侯深
245
_a
港事知多少
_c
250
_a
初版
260
_a
_b
天地图书有限公司
_c
1988
300
_b
平
650
_a
东亚诸岛屿--香港
942
_c
BK
_o
733.8 XHS
999
_c
15288
_d
15278